000 00593nam a22002177a 4500
003 UA-OsUOA
001 37577
007 ta
008 20060331b un ||||| |||| 00| 0 ukr d
100 _aЗорівчак Р.
090 _a82
_bЗ-11
942 _cSA
040 _aUA-OsUOA
_bukr
_cUA-OsUOA
_dUA-OsUOA
245 _aШлях до пророка. Шевченкове слово в англомовному світі
300 _aС.1
955 _a0
041 _aukr
080 _a82
773 0 _w37576
650 7 _a82 Література. Літературознавство
_2UDC
999 _c323753
_d323753